Zriaďovanie nízkoemisných zón v obciach

Systém zriaďovania nízkoemisných zón na Slovensku. Legislatíva umožňujúca zriaďovanie nízkoemisných zón v obciach.

Salvato in:
Dettagli Bibliografici
Autore principale: Balog, Boris
Natura: Capitolo di libro
Lingua:slovacco
Soggetti:
Tags: Aggiungi Tag
Nessun Tag, puoi essere il primo ad aggiungerne!!

MARC

LEADER 00000naa a2200000 4500
001 0237123
005 20220715102848.8
041 0 |a slo 
044 |a SK 
245 1 0 |a Zriaďovanie nízkoemisných zón v obciach  |c Boris Balog 
520 |a Systém zriaďovania nízkoemisných zón na Slovensku. Legislatíva umožňujúca zriaďovanie nízkoemisných zón v obciach. 
610 2 0 |a emisie 
610 2 0 |a obce 
610 2 0 |a legislatíva 
610 2 0 |a Slovensko 
100 1 |a Balog, Boris